Атомни навици (Запис номер 347513)
[ съкратено ]
| 000 -Лидер | |
|---|---|
| Контролно поле с фиксирана дължина | 02119nam a2200481 c 4500 |
| 003 - Код на организацията, давaща контролен номер | |
| Контролно поле | BLK |
| 005 - Дата и час на последна редакция | |
| Контролно поле | 20250620173912.0 |
| 008 - Елементи от данни с фиксирана дължина | |
| fixed length control field | 180410b bul|||||r ||||||| ||bul|| |
| 010 ## - Наследен системен номер | |
| LC control number | KNG00153317000 |
| 020 ## - Международен стандартен номер на книга ISBN | |
| Международен стандартен номер на книга ISBN | 9789542619451 |
| 040 ## - Източник на каталожния запис | |
| Идентификатор на билиотеката - собственик на записа | BLK |
| 041 ## - Код за език | |
| Код за езика на текст/звукозапис или на отделно заглавие | Български |
| Код за езика КДБФ | Български |
| 072 #7 - Код за тематичната категория | |
| Код организация | bullib |
| Код за тематична категория | Н15 |
| Текст | Психология Н |
| 080 ## - УДК | |
| Текстов определител УДК | Индивидуална психология. Психология на личността. Индивидуалност. Психология на характера. Характерология. Психологическа типология |
| УДК код - определител по УДК | 159.923 |
| УДК - код + определител | 159.923 |
| 080 ## - УДК | |
| Текстов определител УДК | Морал и общество. Човешки отношения. Уважение. Независимост. Вж и 395 |
| УДК код - определител по УДК | 177 |
| УДК - код + определител | 177 |
| 100 ## - Редна дума - Автор | |
| Автор | Клиър, Джеймс |
| Авторска отговорност | първи автор |
| R(LIN) | 401572 |
| 139 ## - Редно поле | |
| Редна дума | Клиър, Джеймс |
| Авторски знак | Клис - К 66 |
| 245 10 - Сведения за заглавието | |
| Заглавие | Атомни навици |
| Подзаглавни данни | Минимална промяна, забележителни резултати: Лесен и доказан начин да си изградим добри навици и да се избавим от лошите. |
| Редно поле (дума) | Джеймс Клиър; прев. от англ.Огнян Алтънчев. |
| 257 ## - Страна на издаване | |
| Страна на създаване/издаване | Съединени американски щати |
| 260 ## - Област на издателските данни | |
| Име на издателя, разпространителя и проч. | Хермес |
| Година на издаване | 2019 |
| 9 (RLIN) | 209439 |
| Място на издаване, разпространение и проч. | Пловдив |
| Издателство - префикс ISBN | 978-954-26- ; 978-954-459- |
| 300 ## - Физическа характеристика | |
| Страници | 360 с. |
| Размери/Мащаб | 20 см |
| 380 ## - Жанр | |
| Жанр | Философия |
| 500 ## - Общи забележки | |
| Забележка | Ориг. загл. Atomic habits / James Clear. |
| 650 #4 - Допълнително описание по предмет – тема | |
| Основно описание – тема или топоним | Поведение |
| 9 (RLIN) | 166567 |
| 650 #4 - Допълнително описание по предмет – тема | |
| Основно описание – тема или топоним | Доверие |
| 9 (RLIN) | 153604 |
| 650 #4 - Допълнително описание по предмет – тема | |
| Основно описание – тема или топоним | Успех |
| 9 (RLIN) | 174913 |
| 650 #4 - Допълнително описание по предмет – тема | |
| Основно описание – тема или топоним | Личност - психология |
| 9 (RLIN) | 243160 |
| 653 ## - Ключова дума – ненормативна | |
| Ключова дума | любов |
| 653 ## - Ключова дума – ненормативна | |
| Ключова дума | разговор |
| 653 ## - Ключова дума – ненормативна | |
| Ключова дума | гняв |
| 653 ## - Ключова дума – ненормативна | |
| Ключова дума | справедливост |
| 653 ## - Ключова дума – ненормативна | |
| Ключова дума | индивидуална психология |
| 659 ## - Тематичен бюлетин | |
| Тематичен бюлетин | Н |
| 700 ## - Други автори (авторска отговорност) | |
| Лично име | Алтънчев, Огнян Иванов |
| Дати, свързани с автора | 1949- |
| 9 (RLIN) | 365196 |
| 856 4# - Електронен адрес и достъп | |
| Електронен формат | pdf - файл |
| 856 4# - Електронен адрес и достъп | |
| Електронен формат | pdf - файл |
| 942 ## - АРТИКУЛИ | |
| Вид на библиотечния материал | Книги |
| Скрит в OPAC | Не |
| Периодичен библиозапис | Да |
| Koha issues (borrowed), all copies | 48 |
| 944 ## - СЪЗДАВАНЕ И РЕДАКЦИЯ на ЗАПИСА | |
| Създаване/Редакция | Създаване |
| Дата на регистрацията/редакция | 14.11.2013 |
| Служител, извършил регистрацията/редакцията | 30531 |
| Статус, дата на статуса | Цветелина Шанова |
| 999 ## - СИСТЕМНИ КОНТРОЛНИ НОМЕРА | |
| Koha biblionumber | 347513 |
| Koha biblioitemnumber | 347513 |
| 999 ## - СИСТЕМНИ КОНТРОЛНИ НОМЕРА | |
| Koha biblioitemnumber | 347513 |
| 999 ## - СИСТЕМНИ КОНТРОЛНИ НОМЕРА | |
| Koha biblioitemnumber | 347513 |
| 999 ## - СИСТЕМНИ КОНТРОЛНИ НОМЕРА | |
| Koha biblioitemnumber | 347513 |
| 999 ## - СИСТЕМНИ КОНТРОЛНИ НОМЕРА | |
| Koha biblioitemnumber | 147109 |
| Код за отписване | Код за изгубен артикул | Източник на класификационната схема | Код за повреда | Коз за рестрикции | Код за отдаване | Артикулен № | Име на библиотеката - собственик | Име на библиотеката, в която се намира в момента | Статус (Текущо местоположение) | Дата на вписване в системата | Местоположение - отдел | Цена в лева | Систематично азбучна сигнатура | Баркод | Цена в евро | Служебен тип на артикула | Инвентарен номер |
|---|---|---|---|---|---|---|---|---|---|---|---|---|---|---|---|---|---|
| Не е изгубен | Universal Decimal Classification | Не е повреден | без рестрикции | заемане за дома | 753301 | Регионална библиотека "Любен Каравелов" Русе | Регионална библиотека "Любен Каравелов" Русе | Заемна - подръчен фонд | 2020-01-08 | Заемна - подръчен фонд | 12.56 | 159.923/К 66 Д | 120000840602 | 6.42 | Книги | ||
| Не е изгубен | Universal Decimal Classification | Не е повреден | без рестрикции | ползва се в читалня | 781013 | Регионална библиотека "Любен Каравелов" Русе | Регионална библиотека "Любен Каравелов" Русе | Хранилище | 2020-07-06 | Хранилище | 17.95 | Цб 300426 | 120000845380 | 9.18 | Книги | ||
| Не е изгубен | Universal Decimal Classification | Не е повреден | заемане за дома | 951101 | Регионална библиотека "Любен Каравелов" Русе | Регионална библиотека "Любен Каравелов" Русе | Заемна - подръчен фонд | 2024-10-08 | Заемна - подръчен фонд | 13.96 | 159.923/К 66 Д | 120000913725 | 7.14 | Книги | 120000913725 | ||
| Не е изгубен | Universal Decimal Classification | Не е повреден | заемане за дома | 951102 | Регионална библиотека "Любен Каравелов" Русе | Регионална библиотека "Любен Каравелов" Русе | Заемна - подръчен фонд | 2024-10-08 | Заемна - подръчен фонд | 13.96 | 159.923/К 66 Д | 120000913724 | 7.14 | Книги | 120000913724 |